000 00409nam a2200157Ia 4500
005 20250319152900.0
008 231217s9999 xx 000 0 und d
020 _a9788131419953
082 _a658.314 SAN;1 R
100 _aSangeetha, K.
245 0 _aEmployee morale : concepts and cases
260 _c2008
_bICFAI Press
_aHyderabad
300 _aviii+227
650 _aEmployee,concepts
942 _cAA
999 _c183685
_d183685